| 000 | 00356cam a22001097a 4500 | ||
|---|---|---|---|
| 008 | 180718bn.d. xxu||||| |||| 00| 0 eng d | ||
| 082 | _aT000x5441 P693 | ||
| 100 | _aGujarat. General Administration Department (Planning Division) | ||
| 245 | _aPlanning machinery in the Gujarat state: status paper | ||
| 260 |
_aGandhinagar _bThe author _cn.d. |
||
| 300 | _a29p. | ||
| 999 |
_c487323 _d487323 |
||